| 000 | nam a22 7a 4500 | ||
|---|---|---|---|
| 999 |
_c329489 _d329489 |
||
| 003 | NUST | ||
| 005 | 20170510112800.0 | ||
| 008 | 170510b xxu||||| |||| 00| 0 eng d | ||
| 040 | _c0 | ||
| 082 | _a532 NIS | ||
| 245 |
_aHydraulics & Irrigations Part-! hydraulics: _b(Civil Technology) _cNISTE |
||
| 260 |
_aIslamabad _bNational Book Foundation _c2002 |
||
| 300 | _a130p. | ||
| 500 | _aP.B | ||
| 942 |
_2ddc _cBK _k532 NIS |
||